La enseñanza programada: hacia una pedagogía cibernética

Furkejuvvon:
Bibliográfalaš dieđut
Váldodahkki: Hingue, Francois (Dahkki)
Materiálatiipa: Girji
Giella:espánnjágiella
Almmustuhtton: Buenos Aires Kapelusz 1969
Ráidu:Biblioteca de Cultura Pedagógica
Fáttát:
Fáddágilkorat: Lasit fáddágilkoriid
Eai fáddágilkorat, Lasit vuosttaš fáddágilkora!

MARC

LEADER 00000nam a2200000 a 4500
001 UCU0119
003 CL-VaPUC
008 960315e19690000AG |||||||||||||||||spa|d
082 0 4 |a 371.307  |b HIN  |2 21 
100 0 |a Hingue, Francois  |e author  |9 355098 
245 1 3 |a La enseñanza programada: hacia una pedagogía cibernética 
300 |a 172 p 
942 |c BK 
945 |d 19960315 00:00:00  |a lriquelm 
260 |a Buenos Aires  |b Kapelusz  |c 1969 
650 7 |a ENSEÑANZA PROGRAMADA  |2 CL-VaPUC  |9 263217 
650 0 |a Métodos de enseñanza  |9 270413 
650 0 |a Psicología educacional   |9 307830 
650 0 |a Cibernética  |9 270269 
650 7 |a MATERIAL Y EQUIPO DIDACTICOS  |2 CL-VaPUC  |9 309109 
650 7 |a AYUDAS PARA LA ENSEÑANZA  |2 CL-VaPUC  |9 339750 
583 |a last modification  |c 19960315 00:00:00  |k Rodrigo Vera 
490 0 |a Biblioteca de Cultura Pedagógica 
999 |c 245064  |d 245062 
952 |0 0  |1 0  |4 0  |6 371_307000000000000_HIN_1969  |7 0  |8 P  |9 259435  |a BIBEDU  |b BIBEDU  |c BIBEDU_PB  |d 2019-11-19  |i 1631519  |o 371.307 HIN 1969  |p 1631519  |r 2024-01-25  |w 2019-11-19  |y BK  |k EDU 
952 |0 0  |1 0  |4 0  |6 371_307000000000000_HIN_1969  |7 0  |8 P  |9 259436  |a BIBEDU  |b BIBEDU  |c BIBEDU_PB  |d 2019-11-19  |i 1631659  |o 371.307 HIN 1969  |p 1631659  |r 2024-01-25  |w 2019-11-19  |y BK  |k EDU